00648nam a2200193 4500003000900000005001700009008002700026020001800053040002200071100002100093245008600114260003400200300002200234942001200256945003500268952009600303956003800399999001700437DO-SdBNP20180122143115.0180122b2007 xxu 0| 0 spa d a9781904991632 aBPMSUbspacBPMSU aPermutt, Philip  aThe crystal healer : bcrystal prescriptions that will change your life forever / aNew York :bCico Book, c2007 a144 p. ;c23 cm.  2ddccBK aInventariado extranjero / 2018 00102ddc40708CGaBPMETbBPMETd2018-01-22l0pBPMSU18010027r2018-01-22w2018-01-22yBK aVMATEOb10c20180122dBPMSUf0069 c13243d13243